[Event "DEM U14w 2013"]
[Site "Oberhof GER"]
[Date "2013.05.19"]
[Round "2"]
[White "Giede, Anna-Blume"]
[Black "Lederer, Leia"]
[Result "1/2-1/2"]
[Termination "normal"]
[Board "10"]
[WhiteElo "1455"]
[BlackElo "1547"]
[PlyCount "75"]
[WhiteFideId "12921980"]
[BlackFideId "12926353"]
[EventCountry "GER"]
[EventRounds "9"]
[EventType "swiss"]
[EventDate "2013.05.18"]

1. c4 Nf6 2. Nc3 c5 3. g3 Nc6 4. Bg2 d6 5. e3 e5 6. Nge2 Be6 7. b3 Be7 8. d4
cxd4 9. exd4 exd4 10. Nxd4 Qd7 11. O-O O-O 12. Nxe6 fxe6 13. Bf4 Ne8 14. Nb5 a6
15. Nxd6 Nxd6 16. c5 Rad8 17. cxd6 Bxd6 18. Bg5 Rde8 19. Be3 Qe7 20. Qd3 Ne5
21. Qd2 Bb4 22. Qd4 Nf3+ 23. Bxf3 Rxf3 24. Qg4 Rf7 25. Bg5 Qd6 26. Rad1 Qb6 27.
Bf4 Bc5 28. Qe2 Ref8 29. Be3 Bxe3 30. Qxe3 Qa5 31. a4 Qf5 32. f4 h5 33. Qd3 Qg4
34. Qf3 Qh3 35. Qg2 Qf5 36. Rfe1 Qc5+ 37. Qf2 Qb4 38. Qe3 1/2-1/2

[Event "DEM U14w 2013"]
[Site "Oberhof GER"]
[Date "2013.05.19"]
[Round "2"]
[White "Döpper, Anna Berenice"]
[Black "Müller, Sophie"]
[Result "1/2-1/2"]
[Termination "normal"]
[Board "11"]
[WhiteElo "1532"]
[BlackElo "1422"]
[PlyCount "46"]
[WhiteFideId "1271853"]
[BlackFideId "12926698"]
[EventCountry "GER"]
[EventRounds "9"]
[EventType "swiss"]
[EventDate "2013.05.18"]

1. e4 c5 2. c3 e6 3. d4 d5 4. exd5 exd5 5. Nf3 Nf6 6. Bd3 c4 7. Be2 Bd6 8. O-O
O-O 9. b3 b5 10. Na3 a6 11. Nc2 Qc7 12. h3 Bf5 13. Ne3 Bd7 14. Qc2 h6 15. Nd2
Nc6 16. Bf3 Ne7 17. Re1 Be6 18. b4 Ng6 19. Nd1 Rfe8 20. Nf1 Nh4 21. Be2 Bf5 22.
Qb2 Ne4 23. Be3 Ng6 1/2-1/2

[Event "DEM U14w 2013"]
[Site "Oberhof GER"]
[Date "2013.05.19"]
[Round "2"]
[White "Ley, Sabrina"]
[Black "Hacklinger, Dilan"]
[Result "1-0"]
[Termination "normal"]
[Board "12"]
[WhiteElo "1479"]
[BlackElo "1313"]
[PlyCount "101"]
[WhiteFideId "12938130"]
[BlackFideId "12952150"]
[EventCountry "GER"]
[EventRounds "9"]
[EventType "swiss"]
[EventDate "2013.05.18"]

1. c4 e5 2. Nc3 Nf6 3. d3 Bc5 4. g3 O-O 5. Bg2 Nc6 6. Nf3 d6 7. e3 Re8 8. O-O
Bg4 9. Qd2 Qd7 10. Re1 Bh3 11. Bh1 Rad8 12. b3 d5 13. Qc2 d4 14. exd4 Bxd4 15.
Rd1 Bg4 16. Bb2 Qf5 17. Qe2 Nb4 18. Rd2 Bxc3 19. Bxc3 Nxd3 20. Qe3 Bxf3 21.
Bxf3 e4 22. Be2 Ng4 23. Bxg4 Qxg4 24. Qxa7 Rb8 25. Qe3 f5 26. Rf1 Rbd8 27. f3
exf3 28. Qxf3 Qxf3 29. Rxf3 Re1+ 30. Kg2 Nf4+ 31. Rxf4 Rxd2+ 32. Bxd2 Re2+ 33.
Rf2 Re5 34. Kf3 g6 35. Re2 Rxe2 36. Kxe2 Kf7 37. Kd3 Ke6 38. Bf4 c6 39. Kd4 b6
40. Bc7 b5 41. cxb5 cxb5 42. a4 bxa4 43. bxa4 Kd7 44. Bf4 Kc6 45. Ke5 Kb6 46.
Bd2 h6 47. Kf6 g5 48. Kxf5 Ka6 49. Kg6 h5 50. Kxg5 Ka7 51. Kxh5 1-0

[Event "DEM U14w 2013"]
[Site "Oberhof GER"]
[Date "2013.05.19"]
[Round "2"]
[White "Möller, Hannah"]
[Black "Kast, Larissa"]
[Result "0-1"]
[Termination "normal"]
[Board "13"]
[WhiteElo "1600"]
[BlackElo "1680"]
[PlyCount "48"]
[WhiteFideId "1270514"]
[BlackFideId "24699055"]
[EventCountry "GER"]
[EventRounds "9"]
[EventType "swiss"]
[EventDate "2013.05.18"]

1. e4 e5 2. Nf3 Nc6 3. d4 exd4 4. Bc4 Nf6 5. O-O Bc5 6. e5 d5 7. exf6 dxc4 8.
fxg7 Rg8 9. Bh6 Qf6 10. Re1+ Be6 11. Qd2 Qg6 12. c3 d3 13. Qg5 Be7 14. Qf4
O-O-O 15. Nh4 Qf6 16. Qxf6 Bxf6 17. Nf3 Bxg7 18. Bxg7 Rxg7 19. Nbd2 Bd5 20.
Rad1 h6 21. Ne4 b6 22. Nf6 Bxf3 23. Rd2 Rxg2+ 24. Kh1 Rg6# 0-1

[Event "DEM U14w 2013"]
[Site "Oberhof GER"]
[Date "2013.05.19"]
[Round "2"]
[White "Bach, Kira"]
[Black "Silber, Stefanie"]
[Result "1-0"]
[Termination "normal"]
[Board "14"]
[WhiteElo "1465"]
[BlackElo "1253"]
[PlyCount "141"]
[WhiteFideId "12907677"]
[BlackFideId "12918245"]
[EventCountry "GER"]
[EventRounds "9"]
[EventType "swiss"]
[EventDate "2013.05.18"]

1. e4 c6 2. d4 d5 3. exd5 cxd5 4. Bd3 Nc6 5. c3 Nf6 6. h3 e6 7. Nf3 Be7 8. O-O
O-O 9. Qc2 Qc7 10. Re1 h6 11. Be3 e5 12. Nxe5 Nxe5 13. dxe5 Qxe5 14. Nd2 Qd6
15. Nf3 b6 16. Qe2 Nd7 17. Bxh6 Qxh6 18. Qxe7 Nf6 19. Qe3 Qxe3 20. Rxe3 Bb7 21.
c4 Rae8 22. Rae1 Rxe3 23. Rxe3 Rc8 24. b3 a6 25. Ng5 dxc4 26. Bxc4 Nd5 27. Re5
Rd8 28. Rf5 b5 29. Nxf7 Rd7 30. Bxd5 Bxd5 31. Ne5 Rc7 32. Nf3 Bf7 33. a4 bxa4
34. bxa4 Be6 35. Ra5 Rc6 36. Kh2 Rd6 37. h4 Kf7 38. Ng5+ Kg6 39. Nxe6 Rxe6 40.
g4 Kf7 41. h5 Kg8 42. f3 Kh7 43. Kg3 g6 44. hxg6+ Kxg6 45. Kh4 Kh6 46. Kg3 Kg7
47. Kf4 Kf6 48. g5+ Kg6 49. Kg4 Kg7 50. f4 Kf7 51. Rf5+ Kg7 52. Rf6 Rxf6 53.
gxf6+ Kxf6 54. f5 Kf7 55. Kg5 Kg7 56. f6+ Kf7 57. Kf5 Kf8 58. Ke6 Ke8 59. f7+
Kf8 60. a5 Kg7 61. Ke7 Kg6 62. f8=Q Kg5 63. Qf6+ Kg4 64. Ke6 Kg3 65. Qf5 Kg2
66. Qf4 Kg1 67. Qd2 Kf1 68. Kf5 Kg1 69. Kf4 Kf1 70. Kf3 Kg1 71. Qg2# 1-0

[Event "DEM U14w 2013"]
[Site "Oberhof GER"]
[Date "2013.05.20"]
[Round "3"]
[White "Kempe, Anne"]
[Black "Sieber, Fiona"]
[Result "1-0"]
[Termination "normal"]
[Board "1"]
[WhiteElo "1782"]
[BlackElo "1836"]
[PlyCount "105"]
[WhiteFideId "12918083"]
[BlackFideId "12902373"]
[EventCountry "GER"]
[EventRounds "9"]
[EventType "swiss"]
[EventDate "2013.05.18"]

1. e4 c5 2. Nc3 Nc6 3. Nf3 d6 4. d4 cxd4 5. Nxd4 Nf6 6. Bg5 e6 7. Qd2 Qb6 8.
Bxf6 gxf6 9. Nb3 Bd7 10. f4 O-O-O 11. O-O-O a6 12. Be2 h5 13. Rhf1 Kb8 14. Rf3
Ne5 15. Rh3 h4 16. Kb1 Ng6 17. g4 Bh6 18. g5 fxg5 19. fxg5 Bf8 20. Rf1 Be8 21.
Bd1 Bg7 22. Qg2 Be5 23. Qd2 Rc8 24. Ne2 Qd8 25. Ned4 Qe7 26. c3 Bd7 27. Rhf3
Rh7 28. R3f2 Rc7 29. Be2 Bc8 30. Bd3 b6 31. Ne2 Qd8 32. Nbd4 Bb7 33. Nf3 Bg7
34. Ned4 Ka7 35. Nc2 Rh8 36. Na3 Rf8 37. Nc4 Rd7 38. Qe3 Bc6 39. Nd4 Bb7 40.
Nf3 Ba8 41. Ncd2 Re8 42. Nb3 Qc7 43. Re1 Rde7 44. Nbd4 Qc5 45. Qd2 Rd7 46. Nb3
Qc7 47. Nbd4 Be5 48. Bb5 Bf4 49. Qc2 Red8 50. Bxd7 Rxd7 51. Nxh4 Bxg5 52. Nxg6
e5 53. Nf3 1-0

[Event "DEM U14w 2013"]
[Site "Oberhof GER"]
[Date "2013.05.20"]
[Round "3"]
[White "Gatzke, Carolin"]
[Black "Wächter, Nathalie"]
[Result "1-0"]
[Termination "normal"]
[Board "2"]
[WhiteElo "1608"]
[BlackElo "1702"]
[PlyCount "99"]
[WhiteFideId "12943746"]
[BlackFideId "12921033"]
[EventCountry "GER"]
[EventRounds "9"]
[EventType "swiss"]
[EventDate "2013.05.18"]

1. e4 e5 2. Bc4 Nf6 3. d4 exd4 4. Nf3 Bc5 5. e5 d5 6. exf6 dxc4 7. fxg7 Rg8 8.
Bg5 f6 9. Qe2+ Qe7 10. Bxf6 Qxe2+ 11. Kxe2 Nc6 12. Nbd2 d3+ 13. cxd3 cxd3+ 14.
Kxd3 Bxf2 15. Rhf1 Bf5+ 16. Kc3 Bc5 17. Rae1+ Ne7 18. Ng5 Bg6 19. Nb3 Bd6 20.
Bxe7 Bxe7 21. Nc5 b6 22. Nce6 Kd7 23. Nf7 a5 24. a3 Bd6 25. Nh6 Rge8 26. Nf8+
Bxf8 27. g8=Q Bb4+ 28. axb4 axb4+ 29. Kxb4 Rxg8 30. Rd1+ Kc6 31. Nxg8 Rxg8 32.
g3 Re8 33. Rfe1 Rf8 34. Rd2 Ra8 35. Rc1+ Kb7 36. Rd7 Rc8 37. g4 Be4 38. h4 Bg6
39. h5 Be4 40. g5 Bf5 41. Re7 Kb8 42. Rce1 Kb7 43. Rf1 Bd3 44. Rff7 Kc6 45.
Rxh7 Bxh7 46. Rxh7 Rf8 47. g6 Rf4+ 48. Ka3 Kd6 49. g7 Rg4 50. Rh6+ 1-0

[Event "DEM U14w 2013"]
[Site "Oberhof GER"]
[Date "2013.05.20"]
[Round "3"]
[White "Wiesner, Paula"]
[Black "Diener, Carolin Valeria"]
[Result "1-0"]
[Termination "normal"]
[Board "3"]
[WhiteElo "1831"]
[BlackElo "1730"]
[PlyCount "73"]
[WhiteFideId "24654019"]
[BlackFideId "24699063"]
[EventCountry "GER"]
[EventRounds "9"]
[EventType "swiss"]
[EventDate "2013.05.18"]

1. d4 d5 2. c4 e6 3. Nc3 Be7 4. Qc2 Nf6 5. cxd5 exd5 6. Bg5 c6 7. e3 Nbd7 8.
Bd3 O-O 9. Nge2 Re8 10. O-O h6 11. Bh4 Kh8 12. f3 Nf8 13. Rad1 Ne6 14. Bf2 b6
15. e4 Bb7 16. e5 Nd7 17. f4 Bh4 18. f5 Bxf2+ 19. Rxf2 Nef8 20. Nf4 Qg5 21. Re1
Rac8 22. e6 fxe6 23. fxe6 Re7 24. Re3 Nf6 25. Re5 Qh4 26. g3 Qg4 27. Be2 Rce8
28. Bxg4 Nxg4 29. Rfe2 Nxe5 30. Rxe5 Kg8 31. Qe2 Bc8 32. Qe3 Nh7 33. b4 Nf6 34.
Qe2 g5 35. Nh5 Nxh5 36. Qxh5 Rxe6 37. Qxe8+ 1-0

[Event "DEM U14w 2013"]
[Site "Oberhof GER"]
[Date "2013.05.20"]
[Round "3"]
[White "Moses, Selina"]
[Black "Weis, Olga"]
[Result "1/2-1/2"]
[Termination "normal"]
[Board "4"]
[WhiteElo "1760"]
[BlackElo "1676"]
[PlyCount "51"]
[WhiteFideId "12908070"]
[BlackFideId "1270234"]
[EventCountry "GER"]
[EventRounds "9"]
[EventType "swiss"]
[EventDate "2013.05.18"]

1. e4 e5 2. Nf3 Nc6 3. Nc3 Nf6 4. d4 exd4 5. Nxd4 Bc5 6. Nxc6 bxc6 7. Bd3 O-O
8. O-O Re8 9. Kh1 d6 10. Bg5 h6 11. Bh4 Rb8 12. Na4 Bb6 13. Qe1 g5 14. Bg3 Nxe4
15. Bxe4 d5 16. Rd1 Ba6 17. Rg1 Rxe4 18. Qxe4 dxe4 19. Rxd8+ Rxd8 20. Nxb6 cxb6
21. f3 e3 22. Be1 f5 23. Bc3 Kf7 24. Re1 e2 25. Kg1 h5 26. h3 1/2-1/2

[Event "DEM U14w 2013"]
[Site "Oberhof GER"]
[Date "2013.05.20"]
[Round "3"]
[White "Brandl, Lea"]
[Black "Ley, Sabrina"]
[Result "0-1"]
[Termination "normal"]
[Board "5"]
[WhiteElo "1708"]
[BlackElo "1479"]
[PlyCount "104"]
[WhiteFideId "24693049"]
[BlackFideId "12938130"]
[EventCountry "GER"]
[EventRounds "9"]
[EventType "swiss"]
[EventDate "2013.05.18"]

1. d4 Nf6 2. c4 g6 3. Nc3 Bg7 4. e4 d6 5. Nf3 O-O 6. Be2 e5 7. O-O Nc6 8. d5
Ne7 9. Nd2 a5 10. a3 Nd7 11. Rb1 f5 12. b4 axb4 13. axb4 Kh8 14. Qc2 Nf6 15. f3
g5 16. c5 Ng6 17. exf5 Nf4 18. Bc4 Bxf5 19. Nde4 Qe7 20. Be3 Bg6 21. Qd2 g4 22.
Rbc1 gxf3 23. gxf3 N6h5 24. Kh1 Nh3 25. Ne2 Rg8 26. N2g3 Qh4 27. Nxh5 Qxh5 28.
Ng3 Qh4 29. Bd3 Bxd3 30. Qxd3 Bf6 31. Rc4 Nf4 32. Bxf4 exf4 33. Ne4 Ra2 34. Rc2
Rxc2 35. Qxc2 Qh3 36. Qe2 Be5 37. c6 b6 38. b5 Bd4 39. Nd2 Qh5 40. Rd1 Qg6 41.
Qf1 Qc2 42. Qe2 Be3 43. h3 Qf5 44. Kh2 Qxd5 45. Ne4 Qe5 46. Qc4 Qb2+ 47. Nd2
Bxd2 48. Qe2 Bc3 49. Qxb2 Bxb2 50. Rd2 Bc3 51. Rd5 Rg6 52. Rf5 Kg7 0-1

[Event "DEM U14w 2013"]
[Site "Oberhof GER"]
[Date "2013.05.20"]
[Round "3"]
[White "Sherif, Amina"]
[Black "Kast, Larissa"]
[Result "1-0"]
[Termination "normal"]
[Board "6"]
[WhiteElo "1630"]
[BlackElo "1680"]
[PlyCount "111"]
[WhiteFideId "12911690"]
[BlackFideId "24699055"]
[EventCountry "GER"]
[EventRounds "9"]
[EventType "swiss"]
[EventDate "2013.05.18"]

1. e4 e5 2. Nf3 Nc6 3. Bb5 a6 4. Ba4 Nf6 5. d3 b5 6. Bb3 Be7 7. c3 O-O 8. O-O
d6 9. Re1 d5 10. exd5 Nxd5 11. Nxe5 Nxe5 12. Rxe5 Nf6 13. Re1 Bd6 14. h3 Ng4
15. Be3 Qh4 16. Nd2 Bb7 17. Qxg4 Qxg4 18. hxg4 Rae8 19. Rad1 Bc8 20. f3 Bg3 21.
Bf2 Bxf2+ 22. Kxf2 Bb7 23. Ne4 h6 24. Nc5 Bc8 25. d4 c6 26. Nd3 Be6 27. Bxe6
Rxe6 28. Rxe6 fxe6 29. Nc5 Kf7 30. Nxa6 Rd8 31. Re1 Ra8 32. Nb4 Rc8 33. Nd3 Ra8
34. a3 Kf6 35. Nc5 Re8 36. Ne4+ Ke7 37. Ke2 Kd7 38. Kd3 Kc7 39. Kc2 Kd7 40. Kb3
Kc7 41. Kb4 Kd7 42. Nc5+ Kd6 43. f4 Re7 44. f5 exf5 45. Rxe7 Kxe7 46. gxf5 Kf6
47. Nd3 Kxf5 48. Kc5 Ke4 49. Ne5 g5 50. Nf7 g4 51. Nxh6 g3 52. Kxc6 Ke3 53.
Nf5+ Kf4 54. Nxg3 Kxg3 55. Kxb5 Kxg2 56. d5 1-0

[Event "DEM U14w 2013"]
[Site "Oberhof GER"]
[Date "2013.05.20"]
[Round "3"]
[White "Nobis, Anna"]
[Black "Semenova, Alisa"]
[Result "1-0"]
[Termination "normal"]
[Board "7"]
[WhiteElo "1757"]
[BlackElo "1581"]
[PlyCount "63"]
[WhiteFideId "1270302"]
[BlackFideId "1272132"]
[EventCountry "GER"]
[EventRounds "9"]
[EventType "swiss"]
[EventDate "2013.05.18"]

1. e4 c5 2. Nf3 Nc6 3. d4 cxd4 4. Nxd4 Nf6 5. Nc3 e5 6. Ndb5 d6 7. Bg5 a6 8.
Bxf6 gxf6 9. Na3 b5 10. Nd5 f5 11. exf5 Bxf5 12. c3 Bg7 13. Qf3 Be6 14. Nf4 Bd7
15. Nh5 Qg5 16. Rd1 O-O 17. Nxg7 Kxg7 18. h4 Qg4 19. Qe3 Qe6 20. Rh3 f5 21. c4
b4 22. Nc2 f4 23. Qd2 a5 24. Rd3 Qf5 25. Rxd6 Be8 26. Be2 Rc8 27. Bf3 e4 28.
Rd5 Qe6 29. Qe2 Bg6 30. Bg4 Bf5 31. Bxf5 Rxf5 32. Qg4+ 1-0

[Event "DEM U14w 2013"]
[Site "Oberhof GER"]
[Date "2013.05.20"]
[Round "3"]
[White "Simon, Tessa"]
[Black "Giede, Anna-Blume"]
[Result "0-1"]
[Termination "normal"]
[Board "8"]
[WhiteElo "1547"]
[BlackElo "1455"]
[PlyCount "120"]
[WhiteFideId "12929395"]
[BlackFideId "12921980"]
[EventCountry "GER"]
[EventRounds "9"]
[EventType "swiss"]
[EventDate "2013.05.18"]

1. e4 c6 2. d4 d5 3. exd5 cxd5 4. c4 Nf6 5. Nc3 Nc6 6. Bg5 dxc4 7. Bxf6 exf6 8.
Bxc4 Qxd4 9. Qxd4 Nxd4 10. O-O-O Bc5 11. Nb5 Nxb5 12. Bxb5+ Ke7 13. Nf3 Be6 14.
Rhe1 Rhd8 15. Rxd8 Rxd8 16. Re2 Kf8 17. Rc2 Rc8 18. a3 Bf5 19. Rc3 Bxf2 20.
Rxc8+ Bxc8 21. Kc2 Ke7 22. Kd3 Bf5+ 23. Ke2 Bb6 24. h3 h5 25. Bc4 Be6 26. Bd3
g5 27. Be4 g4 28. hxg4 hxg4 29. Nd2 Bd4 30. b3 b6 31. Kd3 Bb2 32. a4 f5 33. Bb7
Bc1 34. Nc4 Bf4 35. Kc3 Bd6 36. Kd4 f6 37. Kc3 Kd7 38. b4 Be5+ 39. Kd3 Kc7 40.
Ba8 Bc8 41. Bd5 Bd6 42. b5 Be5 43. Ke3 Kd8 44. Kd3 Ke7 45. Bc6 Ke6 46. Ke3 f4+
47. Ke4 f5+ 48. Kd3 Kf6 49. Bd5 Be6 50. Bxe6 Kxe6 51. a5 bxa5 52. Nxa5 Bc7 53.
Nc4 Kd5 54. Na3 Kc5 55. Ke2 Kb4 56. Nc2+ Kc5 57. Na3 Be5 58. Kf2 Kb4 59. Nc2+
Kxb5 60. Ke2 a5 0-1

[Event "DEM U14w 2013"]
[Site "Oberhof GER"]
[Date "2013.05.20"]
[Round "3"]
[White "Kluge, Leyla"]
[Black "Bach, Kira"]
[Result "1-0"]
[Termination "normal"]
[Board "9"]
[WhiteElo "1678"]
[BlackElo "1465"]
[PlyCount "109"]
[WhiteFideId "12918172"]
[BlackFideId "12907677"]
[EventCountry "GER"]
[EventRounds "9"]
[EventType "swiss"]
[EventDate "2013.05.18"]

1. c4 c5 2. Nc3 Nc6 3. g3 Nf6 4. Bg2 g6 5. e3 Bg7 6. Nge2 d6 7. d3 Bd7 8. O-O
O-O 9. a3 a5 10. Qc2 Qc8 11. Nf4 Rb8 12. Bd2 e5 13. Nfd5 Bh3 14. Rae1 Bxg2 15.
Kxg2 Nxd5 16. Nxd5 b5 17. Bxa5 bxc4 18. dxc4 Rb7 19. Bc3 Ne7 20. Nxe7+ Rxe7 21.
Qe4 Qe6 22. Rd1 Rd8 23. Rd2 Ra7 24. Rfd1 Ra6 25. Qd5 Qg4 26. h3 Qe6 27. Qxe6
fxe6 28. e4 Kf7 29. Kg1 Ke7 30. f4 Raa8 31. fxe5 dxe5 32. Rxd8 Rxd8 33. Rxd8
Kxd8 34. b4 Bf8 35. b5 Bd6 36. a4 Kc7 37. a5 Kb7 38. Kf2 h5 39. h4 Bc7 40. Ke2
Bd8 41. a6+ Ka7 42. Bxe5 Bb6 43. Bd6 Ka8 44. Kf3 Ba7 45. Bc7 Bb8 46. b6 e5 47.
Bxb8 Kxb8 48. a7+ Kb7 49. Ke3 Ka8 50. Kd3 Kb7 51. Kc3 Ka8 52. Kb3 Kb7 53. Ka4
Ka8 54. Ka5 Kb7 55. Kb5 1-0

[Event "DEM U14w 2013"]
[Site "Oberhof GER"]
[Date "2013.05.20"]
[Round "3"]
[White "Rogozenco, Teodora"]
[Black "Döpper, Anna Berenice"]
[Result "1-0"]
[Termination "normal"]
[Board "10"]
[WhiteElo "1821"]
[BlackElo "1532"]
[PlyCount "117"]
[WhiteFideId "12938084"]
[BlackFideId "1271853"]
[EventCountry "GER"]
[EventRounds "9"]
[EventType "swiss"]
[EventDate "2013.05.18"]

1. d4 Nf6 2. Nf3 c5 3. d5 e5 4. Nxe5 d6 5. Nf3 Nbd7 6. Nc3 Be7 7. e4 a6 8. a4
Rb8 9. Bc4 O-O 10. O-O Ng4 11. Bf4 Qc7 12. a5 Bf6 13. Nd2 Nge5 14. Re1 Re8 15.
Bf1 Nf8 16. h3 Nfg6 17. Bh2 Qe7 18. Na4 Nd7 19. Nc4 Nde5 20. Nab6 Nxc4 21. Nxc4
Ne5 22. c3 Nxc4 23. Bxc4 Qc7 24. Qb3 Bd7 25. Qb6 Qxb6 26. axb6 Be5 27. f4 Bf6
28. e5 Be7 29. Rad1 Ba4 30. b3 Bb5 31. Bxb5 axb5 32. f5 Red8 33. c4 b4 34. Ra1
Kf8 35. Ra5 Rbc8 36. Ra7 Rb8 37. Ra5 Rbc8 38. Rea1 dxe5 39. Bxe5 Bd6 40. Bxd6+
Rxd6 41. Rb5 Ke7 42. Kf2 Rd7 43. Re1+ Kd6 44. Ra5 Rdd8 45. Ra7 Rd7 46. Kf3 Rb8
47. Kf4 Re7 48. Rxe7 Kxe7 49. g4 Kd6 50. h4 h6 51. g5 hxg5+ 52. Kxg5 Ke7 53. h5
f6+ 54. Kg6 Kf8 55. h6 gxh6 56. Kxh6 Kf7 57. Kh7 Kf8 58. Kg6 Ke7 59. Kg7 1-0

[Event "DEM U14w 2013"]
[Site "Oberhof GER"]
[Date "2013.05.20"]
[Round "3"]
[White "Lederer, Leia"]
[Black "Schumann, Rabea"]
[Result "0-1"]
[Termination "normal"]
[Board "11"]
[WhiteElo "1547"]
[BlackElo "1497"]
[PlyCount "106"]
[WhiteFideId "12926353"]
[BlackFideId "12918199"]
[EventCountry "GER"]
[EventRounds "9"]
[EventType "swiss"]
[EventDate "2013.05.18"]

1. e4 c5 2. Nf3 Nc6 3. d4 cxd4 4. Nxd4 g6 5. Nc3 Bg7 6. Be3 Nf6 7. f3 Qb6 8. b3
Ng4 9. Nd5 Nxe3 10. Nxb6 Nxd1 11. Nxa8 Nxd4 12. Rxd1 Kd8 13. c3 Nc6 14. Bb5
Bxc3+ 15. Kf2 d6 16. Rd3 Be5 17. Rc1 Bd7 18. Rdd1 Kc8 19. g3 Kb8 20. f4 Bd4+
21. Kg2 e5 22. fxe5 dxe5 23. Rf1 f5 24. exf5 gxf5 25. g4 f4 26. g5 Rg8 27. h4
Kxa8 28. Kh2 h6 29. gxh6 Rh8 30. h5 Rxh6 31. Be2 Be8 32. Kg2 Be3 33. Rc2 Bxh5
34. Bxh5 Rxh5 35. Rd1 Kb8 36. Kf1 Rh1+ 37. Ke2 Nd4+ 38. Rxd4 Bxd4 39. Kf3 Rh3+
40. Ke4 f3 41. Kd5 f2 42. Rc1 Rg3 43. Rh1 Rg1 44. Rh8+ Kc7 45. Rh7+ Kb6 46.
Rh6+ Kb5 47. a4+ Kb4 48. Rh7 f1=Q 49. Rxb7+ Bb6 50. Rd7 Qd3+ 51. Kc6 Rg6+ 52.
Kb7 Qxd7+ 53. Ka6 Bd4# 0-1

[Event "DEM U14w 2013"]
[Site "Oberhof GER"]
[Date "2013.05.20"]
[Round "3"]
[White "Denkert, Anna"]
[Black "Müller, Sophie"]
[Result "1-0"]
[Termination "normal"]
[Board "12"]
[WhiteElo "1592"]
[BlackElo "1422"]
[PlyCount "75"]
[WhiteFideId "12938122"]
[BlackFideId "12926698"]
[EventCountry "GER"]
[EventRounds "9"]
[EventType "swiss"]
[EventDate "2013.05.18"]

1. e4 c5 2. Nc3 Nc6 3. f4 g6 4. Nf3 Bg7 5. Bb5 Nd4 6. Nxd4 cxd4 7. Ne2 e6 8.
O-O Ne7 9. d3 O-O 10. g4 a6 11. Ba4 b5 12. Bb3 a5 13. a3 d5 14. e5 Nc6 15. Ng3
Bb7 16. Qe2 Qc7 17. Qf2 Rac8 18. Ne2 a4 19. Ba2 Ba6 20. Bb1 Qa7 21. b4 f6 22.
exf6 Bxf6 23. Qg2 Bg7 24. f5 gxf5 25. gxf5 Kh8 26. fxe6 Rxf1+ 27. Kxf1 Rf8+ 28.
Ke1 Ne7 29. Ba2 Bb7 30. Bg5 Bf6 31. Kd2 Qb6 32. Bxf6+ Rxf6 33. Qg5 Qxe6 34.
Nxd4 Rf2+ 35. Kc3 Qc8+ 36. Kb2 Qd7 37. Qe5+ Kg8 38. Qg3+ 1-0

[Event "DEM U14w 2013"]
[Site "Oberhof GER"]
[Date "2013.05.20"]
[Round "3"]
[White "Richardt, Angelina"]
[Black "Möller, Hannah"]
[Result "1-0"]
[Termination "normal"]
[Board "13"]
[WhiteElo "1398"]
[BlackElo "1600"]
[PlyCount "157"]
[WhiteFideId "12938149"]
[BlackFideId "1270514"]
[EventCountry "GER"]
[EventRounds "9"]
[EventType "swiss"]
[EventDate "2013.05.18"]

1. e4 e5 2. Nf3 Nc6 3. Bc4 Bc5 4. c3 Qe7 5. O-O d6 6. Bb3 Nf6 7. d3 h6 8. h3 g5
9. Nh2 Rg8 10. g4 h5 11. Kg2 hxg4 12. hxg4 Qf8 13. Rh1 Rh8 14. Nd2 Bd7 15. Ndf1
Qh6 16. Qf3 Bxg4 17. Qg3 Bh3+ 18. Kg1 Qh5 19. Bxg5 Rg8 20. Nf3 Ng4 21. Rxh3
Bxf2+ 22. Kg2 Bxg3 23. Rxh5 Bf4 24. Ng3 Ne3+ 25. Kf2 Bxg3+ 26. Kxg3 Ne7 27. Kh3
Kd7 28. Bxe3 Rh8 29. Rxh8 Rxh8+ 30. Kg2 f5 31. exf5 Nxf5 32. Bd2 Kc6 33. Rh1
Rf8 34. Rf1 Rf6 35. Kg1 Rg6+ 36. Kf2 Rf6 37. Rh1 a5 38. Bd1 b5 39. Ke1 Kb6 40.
Rg1 Nh6 41. Bxh6 Rxh6 42. Bc2 Rh3 43. Ke2 a4 44. d4 exd4 45. Nxd4 Rh2+ 46. Kd1
c5 47. Nf5 Rh5 48. Kc1 Kc6 49. Rg6 Rh1+ 50. Bd1 Kb6 51. Nxd6 Kc6 52. Nf5+ Kc7
53. Rd6 Rf1 54. Rf6 b4 55. cxb4 cxb4 56. Ne3 Rxf6 57. Nd5+ Kc6 58. Nxf6 Kb5 59.
Ne4 a3 60. bxa3 bxa3 61. Kd2 Kc4 62. Bb3+ Kd4 63. Kc2 Kxe4 64. Kc3 Ke5 65. Kb4
Kd6 66. Kxa3 Kc6 67. Kb4 Kb6 68. Bc4 Ka7 69. Ka5 Kb7 70. Bd5+ Ka7 71. a4 Kb8
72. Kb6 Kc8 73. a5 Kb8 74. a6 Kc8 75. a7 Kd7 76. a8=Q Ke7 77. Qc6 Kf8 78. Qf6+
Ke8 79. Bc6# 1-0

[Event "DEM U14w 2013"]
[Site "Oberhof GER"]
[Date "2013.05.20"]
[Round "3"]
[White "Hacklinger, Dilan"]
[Black "Silber, Stefanie"]
[Result "1/2-1/2"]
[Termination "normal"]
[Board "14"]
[WhiteElo "1313"]
[BlackElo "1253"]
[PlyCount "63"]
[WhiteFideId "12952150"]
[BlackFideId "12918245"]
[EventCountry "GER"]
[EventRounds "9"]
[EventType "swiss"]
[EventDate "2013.05.18"]

1. e4 c6 2. d4 d5 3. Nc3 dxe4 4. Nxe4 Bf5 5. Nc3 Nf6 6. Nf3 e6 7. Be2 Bd6 8.
Bg5 Nbd7 9. Bd3 Bg6 10. Ne4 Bxe4 11. Bxe4 Qa5+ 12. Bd2 Qb6 13. Bd3 O-O 14. b3
e5 15. dxe5 Nxe5 16. Nxe5 Bxe5 17. Rc1 Rfe8 18. O-O Qc7 19. g3 Rad8 20. Re1 Qd7
21. Kg2 h6 22. Qf3 Qd6 23. Rcd1 Qa3 24. Qf5 Qd6 25. Qf3 Qc7 26. Be3 a6 27. Re2
Nd5 28. Bd2 Nc3 29. Bxc3 Bxc3 30. Rxe8+ Rxe8 31. a4 Bf6 32. Rd2 1/2-1/2

[Event "DEM U14w 2013"]
[Site "Oberhof GER"]
[Date "2013.05.21"]
[Round "4"]
[White "Wächter, Nathalie"]
[Black "Kempe, Anne"]
[Result "1/2-1/2"]
[Termination "normal"]
[Board "1"]
[WhiteElo "1702"]
[BlackElo "1782"]
[PlyCount "130"]
[WhiteFideId "12921033"]
[BlackFideId "12918083"]
[EventCountry "GER"]
[EventRounds "9"]
[EventType "swiss"]
[EventDate "2013.05.18"]

1. e4 c5 2. Nc3 Nc6 3. Bb5 d6 4. Bxc6+ bxc6 5. Nf3 e5 6. d3 Be7 7. O-O f5 8.
exf5 Bxf5 9. Ne4 Nf6 10. Ng3 Bg4 11. h3 Bd7 12. Ng5 O-O 13. Nh5 Nxh5 14. Qxh5
h6 15. Ne4 Rf7 16. Bd2 Qb6 17. b3 Raf8 18. Be3 Qc7 19. Rae1 Bc8 20. Qe2 Bh4 21.
Rb1 Be7 22. Bd2 Be6 23. Ng3 Rf6 24. f4 exf4 25. Nh5 Rg6 26. Nxf4 Rxf4 27. Rxf4
Bxh3 28. Rf2 Qd7 29. Kh2 Be6 30. Rf4 Bf6 31. Re1 Be5 32. Kh1 Bxf4 33. Bxf4 Bd5
34. Rg1 Rg4 35. Qe3 Rh4+ 36. Bh2 Rg4 37. c4 Bf7 38. Qf3 Rg6 39. Rf1 Rf6 40. Qe2
Qe6 41. Qd1 d5 42. cxd5 cxd5 43. Rxf6 Qxf6 44. Qc2 c4 45. dxc4 dxc4 46. bxc4
Qf1+ 47. Bg1 Bxc4 48. a3 a6 49. Qd2 Qf5 50. Qf2 Qh5+ 51. Bh2 Qd1+ 52. Qg1 Qxg1+
53. Kxg1 Kf7 54. Kf2 Ke6 55. Ke3 Bd5 56. Kf2 g5 57. Bc7 h5 58. Bd8 Kf5 59. g3
Kg4 60. Bc7 h4 61. gxh4 Kxh4 62. Bd8 Kg4 63. Be7 Kf5 64. Kg3 g4 65. Bb4 Bf3
1/2-1/2

[Event "DEM U14w 2013"]
[Site "Oberhof GER"]
[Date "2013.05.21"]
[Round "4"]
[White "Sieber, Fiona"]
[Black "Gatzke, Carolin"]
[Result "1-0"]
[Termination "normal"]
[Board "2"]
[WhiteElo "1836"]
[BlackElo "1608"]
[PlyCount "67"]
[WhiteFideId "12902373"]
[BlackFideId "12943746"]
[EventCountry "GER"]
[EventRounds "9"]
[EventType "swiss"]
[EventDate "2013.05.18"]

1. e4 c5 2. Nf3 a6 3. c4 d6 4. d4 cxd4 5. Nxd4 Nf6 6. Nc3 e5 7. Nc2 Be7 8. Bd3
Qc7 9. O-O O-O 10. Qe2 b6 11. a4 Bb7 12. Be3 Nbd7 13. b4 Bc6 14. a5 Bd8 15.
axb6 Nxb6 16. f3 Be7 17. Ra5 Bb7 18. Bd2 Rfc8 19. Ne3 d5 20. Ncxd5 Nfxd5 21.
exd5 Bg5 22. d6 Qd7 23. c5 Na4 24. Ra1 Bxe3+ 25. Qxe3 Nb2 26. Bf1 Bd5 27. Qxe5
Nc4 28. Qxd5 Nxa5 29. Rxa5 Re8 30. Bd3 g6 31. Bc3 Rf8 32. Bc4 h5 33. Qe5 Kh7
34. Qg7# 1-0